Дело об отпуске ссуд из школьно-строительного фонда Киевского учебного округа

Доступно только в Электронных читальных залах Найти на картеНа карте
RUSMARC
00003724nmc2a22002413x 450
00119f79877-5238-4dd2-96fb-c1b7bfd0f166
00520201104070955.0
100##$a20200319l19111913k l0rusy0189 ca
1010#$arus
102##$aRU
105##$ae###
1222#$ad
2001#$aДело об отпуске ссуд из школьно-строительного фонда Киевского учебного округа
$j30 марта 1911 г. - декабрь 1913 г.
215##$a88 л.
$cплан.
$d36,5х26 см
251##$cДело
300##$aДело
371##$aДокумент не является опубликованным и широко распространяемым
461#0$1001a74412a3-3cc5-4d21-8f0a-dfe2fbd9e72d
$12001
$aДепартамент народного просвещения Министерства народного просвещения (1803-1917)
$1251
$cФонд
$1852
$j733
462#0$1001517877e8-43f4-46e7-ad4b-d876aad86188
$12001
$aДела разряда учительских институтов, семинарий и низших учебных заведений
$1251
$cОпись
$1852
$j178
801#0$aRU
$bРГИА
$c20200319
$gRCR
801#1$aRU
$bГлавНИВЦ
$c20200319
$2rusmarc
801#2$aRU
$bПБ им. Б.Н. Ельцина
$c20201104
$gRCR
$2rusmarc
850##$aРГИА
852##$aРГИА
$eФедеральное казенное учреждение "Российский государственный исторический архив" (РГИА)
$j329
937##$hРГИА
$d12340775
$aASBIBLIO_SCAN
035##$aRusGRCC00003057
856##$uhttp://readingroom.main.prlib.ru/item.aspx?id_node=n150979655&mode=full
Формат отображения